| 000 | 00354nam a22001337a 4500 | ||
|---|---|---|---|
| 008 | 220720b |||||||| |||| 00| 0 eng d | ||
| 082 | _aN954.26/Sr948p | ||
| 100 | _aSwami Prapanacharya | ||
| 245 | _aPrachin Kirat itihas | ||
| 260 |
_aPanchthar: _bKirateshwor Prakasan, _c2051.BS. |
||
| 650 | _aHistory- Kirat | ||
| 653 | _aKirats | ||
| 942 |
_2ddc _cG-NC |
||
| 999 |
_c105233 _d105221 |
||